01210nac a22003011u 4500010001600000020001500016035002000031082001100051090001500062100003400077111007100111245013000182246006600312260007300378300003300451440003400484500002600518504004100544511002600585650002900611650002700640650003700667700002800704710004100732942001500773999001500788952010500803 a 97129120 a9291340073 a(OCoLC)3523542100a621.21 c7190d7190 a20080729 2 aInternational Symposium on Molinologyd1993 :cAberystwyth, Wales)10aTransactions of the Eighth International Symposium on Molinology :bAberystwyth, 3-10 July, 1993 /cedited by Tony Parkinson.10aTransactions of the 8th International Symposium on Molinology a[The Netherlands] :bInternational Molinological Society,1995c1995. avi, 204 p. :bill. ;c30 cm. 0aBibliotheca molinologica ;v8 adistributer: Al-Ahram aIncludes bibliographical references. acatalogued by: wessam 0aWater millsxCongresses. 0aWindmillsxCongresses. 0aMills and mill-workxCongresses.1 aParkinson, Tony,d1947-2 aInternational Molinological Society. cBBk621.21 c7190d7190 00104070aMAINbMAINc1STd2015-01-08ePurchasel0o621.21 TRAp000008252r2025-07-15 00:00:00yBB